LEADER 00962nam 2200325 450 001 9910688424203321 005 20230629151805.0 035 $a(CKB)5400000000040544 035 $a(NjHacI)995400000000040544 035 $a(EXLCZ)995400000000040544 100 $a20230629d2020 uy 0 101 0 $aeng 135 $aur||||||||||| 181 $ctxt$2rdacontent 182 $cc$2rdamedia 183 $acr$2rdacarrier 200 00$aTelomerase and non-Telomerase Mechanisms of Telomere Maintenance /$fedited by Tammy A. Morrish 210 1$aLondon :$cIntechOpen,$d2020. 215 $a1 online resource (89 pages) 311 $a1-83880-281-9 606 $aTelomerase 615 0$aTelomerase. 676 $a616.9940642 702 $aMorrish$b Tammy A. 801 0$bNjHacI 801 1$bNjHacl 906 $aBOOK 912 $a9910688424203321 996 $aTelomerase and non-Telomerase Mechanisms of Telomere Maintenance$92096456 997 $aUNINA